000 00500cam a2200169 4500
001 6156
008 740415s1974 njua b 001 0 eng
010 _a 74007417
020 _a9788171949526
100 1 _aRustagi, R.P.
_d
245 1 0 _aWorking capital management /
_cR.P.Rustagi.
260 _aNew Delhi :
_bTaxmann Publications,
_c
300 _ax, 182 p.
_billus.
_c23 cm.
490 0 _aPrentice-Hall foundations of finance series
504 _aBibliography: p. 175-178.
650 0 _aWorking capital.
999 _c5199
_d5199